| 000 | 00348nam a2200133Ia 4500 | ||
|---|---|---|---|
| 008 | 220405s9999||||xx |||||||||||||| ||und|| | ||
| 082 | _a894.8143 IND | ||
| 100 |
_aIndira, M.K _910585 |
||
| 245 | 0 | _aTungabhadra | |
| 260 |
_aIndhira Prakashana _bBangalore _c2008 |
||
| 300 |
_a216p. _bRs.90 |
||
| 650 | _aGENERAL BOOKS | ||
| 942 | _cSpecial Collection | ||
| 999 |
_c189636 _d189636 |
||